000 00560nam a2200193Ia 4500
003 GCL
008 140319s9999 xx 000 0 ara d
040 _aGCL /
_cGCL
082 0 4 _a327.11
_bغ ا
100 1 _aغازى السعدى
245 1 0 _aاسرائيل فى حرب الخليج : وجهة نظر اسرائيلية /
_cغازى السعدى
300 _a238 ص
490 _a
650 0 4 _aالكويت
650 0 4 _aالنزاع العربى الاسرائيلى
650 0 4 _aالعراق
650 0 4 _aحرب الخليج
942 _2ddc
_cBK
999 _c48379
_d48379